Participative management: (Record no. 38737)

MARC details
000 -LEADER
fixed length control field 01024nam a22002895a 4500
005 - DATE AND TIME OF LATEST TRANSACTION
control field 20080522115808.0
008 - FIXED-LENGTH DATA ELEMENTS--GENERAL INFORMATION
fixed length control field 080520s2008 nyu 000 0 eng
010 ## - LCCN (DPL NO)
LC control number ENG-97821
020 ## - INTERNATIONAL STANDARD BOOK NUMBER
Terms of availability 900.00
International Standard Book Number 9788178311722
035 ## - SYSTEM CONTROL NUMBER
System control number EN-81354
037 ## - SOURCE OF ACQUISITION
Source of stock number/acquisition DBAD/PUB
040 ## - CATALOGING SOURCE
Original cataloging agency DPL
082 ## - DEWEY DECIMAL CLASSIFICATION NUMBER
Classification number 331.0112
100 ## - MAIN ENTRY--PERSONAL NAME
9 (RLIN) 2856
Personal name Sujit Kumar
245 ## - TITLE STATEMENT
Title Participative management:
Statement of responsibility, etc by Sujit Kumar
Remainder of title contemporary issues and challenges /
250 ## - EDITION STATEMENT
Edition statement .
260 ## - PUBLICATION, DISTRIBUTION, ETC. (IMPRINT)
Place of publication, distribution, etc New Delhi
Name of publisher, distributor, etc Manak Publications
Date of publication, distribution, etc 2009
270 ## - ADDRESS
Address B-7, Saraswati Complex, Subhash Chwok, Laxmi Nagar,
City New Delhi
Postal code 110092
300 ## - PHYSICAL DESCRIPTION
Extent xii,476p.
Other physical details 23cm. (Hb)
500 ## - GENERAL NOTE
General note Includes bibliographical references and index
650 ## - SUBJECT ADDED ENTRY--TOPICAL TERM
Topical term or geographic name as entry element Songs, Hindi.
9 (RLIN) 4279
650 ## - SUBJECT ADDED ENTRY--TOPICAL TERM
Topical term or geographic name as entry element Hindustani music.
9 (RLIN) 1187
700 ## - ADDED ENTRY--PERSONAL NAME
9 (RLIN) 4392
942 ## - ADDED ENTRY ELEMENTS (KOHA)
Source of classification or shelving scheme Dewey Decimal Classification
Item type English Books
Call number suffix SUJ
Classification part 331.0112
Holdings
Withdrawn status Lost status Source of classification or shelving scheme Damaged status Not for loan Collection code Home library Current library Date acquired Source of acquisition Cost, normal purchase price Total Checkouts Full call number Barcode Date last seen Copy number Cost, replacement price Koha item type
    Dewey Decimal Classification   Not For Loan Non-fiction D.B.Act.Division D.B.Act.Division 02/08/2010 DBAD/PUB 900.00   331.0112 SUJ EN-81354 02/08/2010 1 900.00 English Books

© Delhi Public Library
Hit Counter
free hit counter